000 00392nam a2200145Ia 4500
008 100204s9999 xx 000 0 und d
082 _b10367
100 _aकदम प्रकाश
245 _aसलामी
260 _bनीहारा प्रकाशन पुणे
_c1987
300 _a169
630 _aसलामी
730 _aसलामी
942 _cBOOK
999 _c454803
_d454800